NEPA Success Stories Celebrating 40 Years of Transparency and Open Government

Bibliographic Details
Format: eBook
Language:English
Published: Washington DC: Environmental Law Institute, 2010
Subjects:
Online Access:Acceso restringido

MARC

LEADER 00000nam a22000007a 4500
005 20220919225230.0
007 cr|||| ||||
008 220919s2010 us |||||s|||| 00||0 eng d
035 |a 36421 
040 |a vLex 
090 |c 13944  |d 13944 
245 1 0 |a NEPA Success Stories  |h [Recurso electrn̤ico] :  |b Celebrating 40 Years of Transparency and Open Government 
256 |a Servicio en ln̕ea 
260 |a Washington DC:  |b Environmental Law Institute,  |c 2010 
300 |a 1 recurso electrn̤ico 
500 |a This report presents 13 vignettes of how the National Environmental Policy Act helped improve government decisionmaking through public comment and vetting ideas with other agencies. This is a joint project of the Environmental Law Institute along with the Grand Canyon Trust and the Partnership Project. As the foreword by Russell Train notes, the real genius behind NEPA is in requiring government to listen to the public and seek comment before acting. The case studies use ordinary government decisions from various federal agencies to show the importance of giving the public a voice in government decisionmaking. These quiet NEPA success stories look not to celebrated environmental litigation collected elsewhere, but more fundamentally examine how public involvement and careful consideration of alternatives has produced better outcomes 
506 1 |a Disponible solo en los productos indicados  |d vLex Global  |d vLex Global (Academic Edition, excluding Law Schools)  |d vLex Global (Academic Edition, Law Schools) 
650 0 4 |a Derecho del Medio Ambiente  |z Estados Unidos 
740 4 0 |a vLex Libros (Servicio en ln̕ea) 
856 4 0 |u https://app.vlex.com/#/sources/36421  |z Acceso restringido 
942 |c BOOK 
999 0 |a Environmental Law